Historia de Osorno. Desde los inicios del poblamiento hasta la transformación urbana a fines del siglo XX.
Salvato in:
| Autore principale: | |
|---|---|
| Altri autori: | |
| Natura: | Libro |
| Lingua: | spagnolo |
| Pubblicazione: |
Osorno, Chile:
[Ilustre Municipalidad de Osorno],
2004.
|
| Soggetti: | |
| Tags: |
Aggiungi Tag
Nessun Tag, puoi essere il primo ad aggiungerne!!
|
MARC
| LEADER | 00000cam a2200000 a 4500 | ||
|---|---|---|---|
| 001 | UCC8708 | ||
| 003 | CL-VaPUC | ||
| 005 | 20241021083345.0 | ||
| 008 | 190809t20040000cl |||||||||||||||||spa|d | ||
| 999 | |c 374960 |d 374958 | ||
| 040 | |c Pontificia Universidad Católica de Valparaíso | ||
| 082 | 0 | 4 | |a 983.53 PER 2004 |2 21 |
| 100 | |a Peralta Vidal, Gabriel |e autor |9 892461 | ||
| 245 | 1 | 0 | |a Historia de Osorno. |b Desde los inicios del poblamiento hasta la transformación urbana a fines del siglo XX. |
| 260 | |a Osorno, Chile: |b [Ilustre Municipalidad de Osorno], |c 2004. | ||
| 300 | |a 311 páginas: ilustraciones. | ||
| 500 | |a c. Fondo Budge. Donación del Profesor Sr. Eduardo Cavieres. 05-08-2019. | ||
| 583 | |a last modification |c 20190809 11:18:00 |k Rodrigo Vera | ||
| 651 | 0 | |a Osorno |9 268936 |x Historia |y Siglos 16-21 | |
| 700 | |a Hipp Troncoso, Roswitha |e autora |9 603415 | ||
| 942 | |c BK |2 ddc | ||
| 945 | |d 20190809 11:18:00 |a dcastane | ||
| 952 | |0 0 |1 0 |3 erb |4 0 |6 983_530000000000000_PER_2004 |7 0 |8 X |9 493746 |a FDOBUD |b FDOBUD |i 5595215 |o 983.53 PER 2004 |p 5595215 |r 2019-11-24 |w 2019-11-24 |y BK_X |z Catalogado en:20190809 |k BUD | ||